Текст томруулах:    
Vis-a-vis (Бичлэгийн дугаар. 145883)
000 -УДИРДЛАГА
Удирдлага 00818nam a22002777a 4500
003 - ХЯНАЛТЫН ТОО ТОДОРХОЙЛОГЧ
Код MN-UlNUM
005 - БИЧИЛТ ХИЙСЭН ОГНОО
Тухайн бичилтийг бичсэн засварласан сүүлийн огноо 20251209155452.0
008 - ЕРӨНХИЙ МЭДЭЭЛЭЛ
Ерөнхий мэдээлэл 251209s1996 nyuabm 001 0 eng
020 ## - ISBN
ISBN 007001700X
-- 070017018
-- 9780070017016
040 ## - БИЧЛЭГ ҮҮСГЭГЧ БАЙГУУЛЛАГА
Бичлэг үүсгэгч номын сангийн код МУИС-ийн номын сан
084 ## - ББК АНГИЛАЛ
Нэмэлт тусгалт Нэг сэдэвт бүтээл
ББК ангилал 81.2Fre
Зохиогчийн гурван тэмдэгт A 46
Мэдлэгийн ялгаа 81 - Хэл шинжлэл
100 ## - ЗОХИОГЧ
Зохиогчийн нэр Amon, Evelyne
245 ## - ҮНДСЭН ГАРЧИГ
Номын нэр Vis-a-vis
Бага гарчгийн мэдээ Beginning French
260 ## - ГАРАЛТЫН МЭДЭЭ
Хэвлэгдсэн газар New York
Хэвлэлийн газар McGraw-Hill Companies
Хэвлэгдсэн он 1996
300 ## - МАТЕРИАЛЫН ТОДОРХОЙЛОЛТ
хуудасны тоо xxix, 434, A111 p. :
Бусад тоон мэдээлэл ill. (some col.), col. maps ;
Хэмжээ 26 cm. + $e 1 sound cassette (analog)
500 ## - Тайлбар
Дансны дугаар БС 4324
546 ## - ХЭЛНИЙ ТУХАЙ МЭДЭЭ
Хэл Англи хэл дээр,
653 ## - Түлхүүр үг
Түлхүүр үг french language
653 ## - Түлхүүр үг
Түлхүүр үг textbooks for foreign speakers
653 ## - Түлхүүр үг
Түлхүүр үг english
700 ## - ХАМ ЗОХИОГЧИД
Ба бус Muyskens, Judith A
700 ## - ХАМ ЗОХИОГЧИД
Ба бус Hadley, Alice Omaggio
942 ## - ЭЛЕМЕНТИЙН ТӨРӨЛ
Зүйлийн төрөл Ном